00634cam a2200181 i 4500020001800000020001500018082001800033100003800051245006900089260002800158300004700186520011000233650001300343650002700356700002400383700002300407700002200430 a9789383002115 a938300211504a230.07054 LON aLongchar, Wati, Larbeer, Mohan P.00aCommunion on the move : Towards a Relevant Theological Education aBangalorebBTESSCc2015 axii, 288 pages :billustrations (colour) ; aJohn S. Sadananda, Bishop of the Karnataka Southern Diocese, Church of South India; contributed articles. 0aTheology 0aTheological seminaries1 aSadananda, John S.,1 aLongchar, A. Wati,1 aLarbeer, P. Mohan